000 02011cam a22004094i 4500
003 PE-LiUPU
005 20250731183416.0
008 150623s1999 sp r 000 0 spa d
020 _a8484033341
035 _a(Sirsi) i9788484033349
040 _aPE-LiUPU
_bspa
_cPE-LiUPU
_erda
049 _aPRUA
082 _223
_a796
_bS659p
100 1 _aSmith, Samuel,
_eautor.
245 1 0 _aPracticar un deporte /
_cSamuel Smith.
264 1 _aMadrid :
_bEditorial Edimat,
_c1999.
300 _a189 páginas :
_bilustraciones, figuras ;
_c21 centímetros.
336 _atext
_2rdacontent
337 _aunmediated
_2rdamedia
338 _avolume
_2rdacarrier
490 0 _a(Libro de Oro)
505 0 _aAnatomía y fisiología. - Movimientos musculares. - Antes de comenzar a entrenar, pon en orden tus ideas. - ¿A qué edad se es ya viejo para practicar un deporte?. -Cambios que se producen en nuestro organismo al entrenar. -Beneficios del ejercicio. -¿Quién trabaja más?. -Diferentes tipos de ejercicios. - Aprovechar nuestra energía. -Sobre el culturismo. -Preguntas sobre preparación física. -Alimentación para el deportista. -Preguntas sobre alimentación. -Cómo calcular nuestro peso correcto y calorías necesarias. -¿Es bueno el ejercicio para adelgazar?. -Diccionario de términos médicos. -Test de conocimientos.
526 _aP158
526 _aP146
526 _aP17
526 _aP12
526 _aP06
650 0 4 _aDeportes
_xIniciación.
650 0 4 _aEjercicio físico.
650 0 4 _aEjercicios
_xSalud.
942 _2ddc
_cBK
949 _a796.4 S61
_wDEWEY
_c1
_i52691
_d2016-6-22
_e2016-6-21
_lCCODEBUL1
_mBUL
_n1
_r0
_sY
_tBOOK
_u2015-6-24
_xTEOLOGIA
_zUNKNOWN
_0COMPRA
_o.STAFF. Colección Teología
949 _a796.4 S61
_wDEWEY
_c2
_i55375
_lCCODEBUL1
_mBUL
_p7.00
_r0
_sY
_tBOOK
_u2015-6-24
_xTEOLOGIA
_0COMPRA
_o.STAFF. Colección Teología
999 _c34549
_d34549
980 _81
_gALBERTO SANCHEZ Responsable de Automatización